000
00183 a2200097 4500
020
_a
9977330115
041
_a
spa
100
_a
Marco Tulio Mena
245
_a
Boca de Angel
942
_c
K
999
_c
26845
_d
26845